🚨 Quiz Union Européenne (UE) - Concours DGFiP - Statistiques

Statistiques générales
  • Ce quiz a Ă©tĂ© pris 51 fois
    43 depuis la dernière actualisation
  • Le rĂ©sultat moyen est 10 sur 20
Statistiques - réponses
Question Réponse % Correct
Parmi les piliers de l'union européenne : la PESC. Qu'est-ce ? la politique étrangère et de sécurité commune
71%
Quel pays ne fait pas partie de l'Union européenne ? Norvège
71%
Combien d'États ont signé le traité de Rome ? 6
66%
Où siège la BCE ? à Francfort
63%
À quel groupe politique européen appartiennent les députés français du Rassemblement National ? ID
63%
Quel est l’effet direct du principe de primauté du droit de l’Union européenne ? Il donne aux traités européens une valeur juridique supérieure aux constitutions nationales
57%
Combien de députés européens siègent au Parlement européen depuis 2024 ? 720
54%
En 1995, trois pays rentrent dans l'Union européenne. Quels sont-ils ? Autriche, Suède, Finlande
54%
Quel traité européen prévoit la création d'une monnaie unique ? Traité de Maastricht
54%
L'Espace Schengen rentre en vigueur en ? 1995
49%
Quel traité donne une valeur juridique à la "Charte des droits fondamentaux de l'UE" ? Traité de Lisbonne
49%
Combien de commissaires un État-membre peut-il nommer à la Commission européenne ? 1
46%
Quand la PAC a-t-elle été mise en place ? 1962
43%
En 2018, combien l'UE comptait de membres ? 28
43%
Le projet de la CED (Communauté Européenne de Défense) est un traité dit "mort-né". En France, il échoue en 1954 à cause... d'un vote à l'Assemblée
40%
En 1957, le traité de Rome institue... la CEE et Euratom
40%
Quel est le Haut représentant de l’Union européenne pour les affaires étrangères et la sécurité depuis 2024 ? l'Estonienne Kaja Kallas
40%
Le général De Gaulle et son gouvernement pratiquèrent ce que l'on appelle la "politique de la chaise vide". Quelles sont les assertions justes ? Toutes les réponses sont correctes
34%
Qui parmi ces Français a déjà brigué la fonction de commissaire européen ? Toutes les réponses sont correctes
31%
Deux pays utilisent l'Euro sans pourtant être membre de l'Union européenne, qui sont-ils ? Kosovo et Monténégro
29%
Aucun quiz correspondant
Distribution des résultats
% des personnes avec chaque résultat
Percentile par nombre de réponses
Votre historique - résultats
Vous n’avez pas pris ce quiz depuis la dernière actualisation